LEADER 00925nam0 2200241 450 001 000013053 005 20090323133450.0 100 $a20080617d1955----km-y0itay50------ba 101 0 $aita 102 $aIT 105 $ay-------001yy 200 1 $aNatura ed effetti economici di un'imposta sulle società$eatti del 1. Convegno di studi, Roma 1955$fSocietà per lo studio dei problemi fiscali 210 $aMilano$cGiuffrè$d1955 215 $aXIV, 358 p.$d25 cm 500 10$aNatura ed effetti economici di un'imposta sulle società$935811 610 1 $aImposta sulle società$aEffetti economici 676 $a346.066$9Diritto privato. Società (Compagnie) 710 02$aSocietà per lo studio dei problemi fiscali$0281189 801 0$aIT$bUNIPARTHENOPE$c20080617$gRICA$2UNIMARC 912 $a000013053 951 $a323/61$b4686$cNAVA2 996 $aNatura ed effetti economici di un'imposta sulle società$935811 997 $aUNIPARTHENOPE LEADER 01401nam0 2200337 450 001 000027965 005 20101129180813.0 010 $a978-88-96004-58-6 100 $a20101105d2010----km-y0itay50------ba 101 0 $aita 102 $aIT 105 $ay-------001yy 200 1 $a<>valutazione della dirigenza delle regioni e degli enti locali secondo l'approccio bottom-up$edalla progettazione alla concreta applicazione del modello$fNunzio Angiola, Roberto Marino$gprefazione di Luigi Angeletti 210 $aRoma$cRIREA$dstampa 2010 215 $a63 p.$d24 cm 225 2 $aQMR(Quaderni Monografici Rirea)$v88 300 $aAllegato alla Rivista italiana di Ragioneria e di Economia Aziendale 2010(n. sist. 000001925) 410 0$12001$aQMR(Quaderni Monografici Rirea) 500 10$a<>valutazione della dirigenza delle regioni e degli enti locali secondo l'approccio bottom-up$941565 610 1 $aEnti locali$aAmministrazione 610 1 $aContabilità 676 $a657.3$v21 676 $a352.39214$v21 700 1$aAngiola,$bNunzio$0117431 701 1$aMarino,$bRoberto$0409173 702 1$aAngeletti,$bLuigi 801 0$aIT$bUNIPARTHENOPE$c20100205$gRICA$2UNIMARC 912 $a000027965 951 $aQMR/657/88$b42814$cNAVA1$d2010 996 $aValutazione della dirigenza delle regioni e degli enti locali secondo l'approccio bottom-up$941565 997 $aUNIPARTHENOPE